[Event "XII Open"]
[Site "Crema ITA"]
[Date "2010.09.05"]
[Round "3"]
[White "Borboni, Paolo"]
[Black "Folcini, Gaddo"]
[Result "1-0"]
[WhiteElo "1745"]
[BlackElo "1543"]
[PlyCount "105"]
[EventDate "2010.09.03"]

1. d4 d5 2. c4 e5 3. dxe5 Bb4+ 4. Bd2 Bxd2+ 5. Qxd2 d4 6. e3 c5 7. exd4 cxd4 8.
Na3 Ne7 9. O-O-O Nbc6 10. f4 Be6 11. Nf3 Nf5 12. Nc2 Rc8 13. Ncxd4 Ncxd4 14.
Nxd4 Bxc4 15. Bxc4 Rxc4+ 16. Nc2 Qb6 17. Qd7+ Kf8 18. Qd8+ Qxd8 19. Rxd8+ Ke7
20. Rxh8 Ne3 21. Kd2 Nxg2 22. f5 Rc5 23. f6+ gxf6 24. exf6+ Kxf6 25. Rxh7 Rf5
26. Rh8 Rf2+ 27. Kc3 Rf3+ 28. Kb4 Rf2 29. Rc1 Nf4 30. Ne1 Rxb2+ 31. Ka3 Rb6 32.
Rh6+ Ng6 33. Rc4 Rb1 34. Nf3 a5 35. h4 b5 36. Rc5 Rd1 37. Rxb5 Kg7 38. Rhh5 Nf4
39. Rhg5+ Kf8 40. Rb8+ Ke7 41. Re5+ Ne6 42. Rxa5 Kd6 43. Ng5 Rd3+ 44. Rb3 Rd4
45. Nxe6 Kxe6 46. Rb6+ Ke7 47. Ra7+ Kf8 48. h5 Kg7 49. h6+ Kg8 50. Rb4 Rd6 51.
Rg4+ Kh7 52. Rxf7+ Kxh6 53. Rf3 1-0

[Event "XII Open"]
[Site "Crema ITA"]
[Date "2010.09.05"]
[Round "3"]
[White "Cambieri, Mario"]
[Black "Raimondi, Celso"]
[Result "1-0"]
[WhiteElo "1889"]
[BlackElo "1640"]
[PlyCount "93"]
[EventDate "2010.09.03"]

1. c4 e5 2. Nc3 Nf6 3. g3 c6 4. e4 d6 5. Bg2 g6 6. Nge2 Bg7 7. O-O O-O 8. Rb1
Be6 9. d3 Qc8 10. b4 Bh3 11. d4 Bxg2 12. Kxg2 Nh5 13. d5 f5 14. f3 f4 15. g4
Nf6 16. dxc6 Qxc6 17. Qb3 Kh8 18. Nd5 Nxd5 19. cxd5 Qa6 20. Rf2 Rc8 21. Ba3 b5
22. Nc3 Nd7 23. Bb2 Nb6 24. Nd1 Rc4 25. Rc1 Rac8 26. Nc3 Bf8 27. Rfc2 Kg8 28.
Ba1 Be7 29. Nd1 Rxc2+ 30. Rxc2 Rxc2+ 31. Qxc2 Nc4 32. Bc3 Qb7 33. Be1 a6 34.
Bf2 Bd8 35. Nb2 Qc8 36. Nxc4 Qxc4 37. Qxc4 bxc4 38. Kf1 a5 39. a3 axb4 40. axb4
Kf7 41. Ke2 Kf6 42. Kd2 g5 43. Kc3 Ke7 44. Kxc4 Kd7 45. Kb5 Kc8 46. Ka6 Be7 47.
Bb6 1-0

[Event "XII Open"]
[Site "Crema ITA"]
[Date "2010.09.05"]
[Round "3"]
[White "Carbone, Lorenzo"]
[Black "Lucchese, Paolo"]
[Result "1-0"]
[WhiteElo "1695"]
[BlackElo "1917"]
[PlyCount "129"]
[EventDate "2010.09.03"]

1. e4 c5 2. Nf3 d6 3. d4 cxd4 4. Nxd4 Nf6 5. Nc3 g6 6. Be3 Bg7 7. Qd2 Ng4 8.
Bg5 h6 9. Bh4 Nc6 10. Nb3 g5 11. Bg3 Be6 12. h3 Nge5 13. f4 gxf4 14. Bxf4 Rc8
15. Nb5 Ng6 16. c3 Nxf4 17. Qxf4 Bf6 18. h4 Qb6 19. Nxd6+ exd6 20. Qxf6 Qe3+
21. Be2 Bg4 22. Qf2 Qxe4 23. O-O O-O 24. Bxg4 Qxg4 25. Qf6 Qe6 26. Rae1 Ne5 27.
Nd4 Qxf6 28. Rxf6 Rfe8 29. Ref1 Rc7 30. Nb5 Rc6 31. Rxd6 Rxd6 32. Nxd6 Rd8 33.
Ne4 Ng4 34. Nf6+ Nxf6 35. Rxf6 Rd2 36. Rf2 Rd1+ 37. Kh2 Rd3 38. Re2 Kf8 39. Re4
f6 40. a4 Kf7 41. a5 f5 42. Rb4 Rd7 43. Kg3 Kf6 44. Kf4 h5 45. Rb5 Rd2 46.
Rxf5+ Ke6 47. Rb5 Rxg2 48. Rxb7 Kd6 49. Kf5 Kc6 50. Rxa7 Rxb2 51. c4 Rc2 52.
Kg5 Rxc4 53. Kxh5 Rc1 54. Kh6 Kd6 55. a6 Ke5 56. Rg7 Rc6+ 57. Rg6 Rc4 58. h5
Rc7 59. Rg5+ Kf6 60. Rg6+ Kf5 61. Rb6 Ra7 62. Rb5+ Kf6 63. Rg5 Ra8 64. Rg6+ Kf7
65. Kg5 1-0

[Event "XII Open"]
[Site "Crema ITA"]
[Date "2010.09.05"]
[Round "3"]
[White "Castrogiovanni, Carlo"]
[Black "Oteri, Aldo"]
[Result "1-0"]
[WhiteElo "2024"]
[BlackElo "1829"]
[PlyCount "111"]
[EventDate "2010.09.03"]

1. d4 Nf6 2. c4 g6 3. Nc3 Bg7 4. e4 d6 5. Be2 e5 6. dxe5 dxe5 7. Qxd8+ Kxd8 8.
Bg5 h6 9. Rd1+ Nbd7 10. Bh4 c6 11. Nf3 Ke7 12. O-O g5 13. Bg3 Nh5 14. Ne1 Nxg3
15. fxg3 h5 16. Nc2 a5 17. Na4 Nf6 18. Nb6 Rb8 19. Nxc8+ Rbxc8 20. Ne3 Rhd8 21.
Nf5+ Kf8 22. Nd6 Rc7 23. c5 Rcd7 24. Nxb7 Rxd1 25. Rxd1 Rxd1+ 26. Bxd1 g4 27.
Nxa5 Nxe4 28. b4 Nc3 29. Bb3 Ne2+ 30. Kf1 Nd4 31. Ba4 Bh6 32. Nxc6 Nxc6 33.
Bxc6 Bd2 34. b5 Bb4 35. Ke2 Bxc5 36. Kd3 Ke7 37. Ke4 f6 38. a4 Bb6 39. Kf5 Kf7
40. Bd5+ Kg7 41. h3 gxh3 42. gxh3 Bf2 43. g4 hxg4 44. hxg4 Bb6 45. Ke6 Kg6 46.
Be4+ Kg5 47. Bf5 e4 48. Bxe4 Kxg4 49. Kd6 Kf4 50. Bh1 f5 51. Kc6 Ba5 52. b6 Bc3
53. b7 Be5 54. a5 Ke3 55. a6 Bb8 56. Kb6 1-0

[Event "XII Open"]
[Site "Crema ITA"]
[Date "2010.09.05"]
[Round "3"]
[White "Cattaneo, Marco"]
[Black "Guidi, Paolo"]
[Result "1/2-1/2"]
[WhiteElo "1850"]
[BlackElo "1884"]
[PlyCount "85"]
[EventDate "2010.09.03"]

1. d4 Nf6 2. Nf3 c6 3. c4 d5 4. Nc3 e6 5. e3 Nbd7 6. Qc2 a6 7. a4 Bd6 8. Bd3 h6
9. O-O O-O 10. e4 dxe4 11. Nxe4 Nxe4 12. Bxe4 e5 13. dxe5 Nxe5 14. Nxe5 Bxe5
15. Ra3 f5 16. Bf3 Qf6 17. Re1 Bd4 18. Rd3 f4 19. c5 Kh8 20. Qc4 Be5 21. Rd2
Bf5 22. Rde2 Rae8 23. Qb4 Bc8 24. Bxf4 Qxf4 25. Qxf4 Rxf4 26. Rxe5 Rxe5 27.
Rxe5 Rxa4 28. Re8+ Kh7 29. Be4+ g6 30. f3 Bf5 31. Bxf5 gxf5 32. Re7+ Kg6 33.
Rxb7 Rc4 34. Rb6 Rxc5 35. Rxa6 Rc1+ 36. Kf2 Rc2+ 37. Kg3 Rxb2 38. Rxc6+ Kg5 39.
h4+ Kh5 40. Rc5 Kg6 41. Rc6+ Kh5 42. Rc3 Rb4 43. Kf2 1/2-1/2

[Event "XII Open"]
[Site "Crema ITA"]
[Date "2010.09.05"]
[Round "3"]
[White "Cecchini, Massimo S."]
[Black "Reduzzi, Maurizio"]
[Result "0-1"]
[WhiteElo "1805"]
[BlackElo "2089"]
[PlyCount "74"]
[EventDate "2010.09.03"]

1. d4 f5 2. c4 g6 3. Nc3 Nf6 4. Nf3 Bg7 5. g3 d6 6. Bg2 O-O 7. O-O Qe8 8. Nb5
Na6 9. Ne1 c6 10. Nc3 e5 11. dxe5 dxe5 12. h4 Be6 13. b3 Rd8 14. Qc2 e4 15. a3
b5 16. cxb5 cxb5 17. Bb2 Rc8 18. Qd2 Nc5 19. Rb1 Nxb3 20. Qe3 Ng4 21. Qxa7 Bxc3
22. Bxc3 Rxc3 23. Nf3 exf3 24. exf3 Nf6 25. Rfe1 Qf7 26. Qb6 Bc4 27. f4 Nd2 28.
Rbd1 Nf3+ 29. Bxf3 Rxf3 30. Rd6 Ne4 31. Rc6 Rd3 32. g4 Rfd8 33. f3 Rd1 34. Rxd1
Rxd1+ 35. Kh2 Rd2+ 36. Kg1 Ng3 37. Rf6 Qe7 0-1

[Event "XII Open"]
[Site "Crema ITA"]
[Date "2010.09.05"]
[Round "3"]
[White "Chiaravalloti, Francesco"]
[Black "Bocci, Alessandro"]
[Result "0-1"]
[WhiteElo "1500"]
[BlackElo "1965"]
[PlyCount "60"]
[EventDate "2010.09.03"]

1. d4 Nf6 2. c4 g6 3. Nc3 Bg7 4. e4 d6 5. Bd3 O-O 6. Nge2 e5 7. d5 Nbd7 8. O-O
a5 9. Bg5 h6 10. Be3 Ng4 11. Bd2 Nc5 12. Bc2 f5 13. f3 Nf6 14. exf5 Bxf5 15.
Ng3 Bxc2 16. Qxc2 Kh7 17. Nce4 Ncxe4 18. fxe4 c6 19. Kh1 Qb6 20. Rf3 Ng4 21.
Be1 cxd5 22. Rb3 Qd4 23. Rd1 Qxc4 24. Qxc4 dxc4 25. Rxb7 Rab8 26. Rxb8 Rxb8 27.
Rxd6 Rxb2 28. Rd2 c3 29. Re2 c2 30. Bd2 Rb1+ 0-1

[Event "XII Open"]
[Site "Crema ITA"]
[Date "2010.09.05"]
[Round "3"]
[White "Colombo, Luca"]
[Black "Cautiero, Pietro"]
[Result "1-0"]
[WhiteElo "1918"]
[BlackElo "1686"]
[PlyCount "81"]
[EventDate "2010.09.03"]

1. e4 e6 2. d4 d5 3. e5 c5 4. c3 Nc6 5. Nf3 Qb6 6. Be2 Nh6 7. O-O cxd4 8. Bxh6
Qxb2 9. Bd2 Qxa1 10. Qc2 Bd7 11. Na3 Qxf1+ 12. Bxf1 Bxa3 13. Qb3 Bc5 14. cxd4
Bb6 15. Qd3 h6 16. g4 O-O-O 17. Qc2 Kb8 18. Qb2 Rc8 19. g5 hxg5 20. Bxg5 Rh5
21. Bf4 g5 22. Bxg5 Nxd4 23. Nxd4 Bxd4 24. Qxd4 Rxg5+ 25. Kh1 Rcg8 26. f4 Rg1+
27. Qxg1 Rxg1+ 28. Kxg1 Ba4 29. Kf2 Bc2 30. Ke3 Kc7 31. h4 Bg6 32. Be2 Kd7 33.
Bg4 Ke7 34. Kd4 Be4 35. h5 Kf8 36. Kc5 Kg7 37. Bd1 f6 38. Bg4 f5 39. Bd1 d4 40.
Kxd4 b6 41. Bb3 1-0

[Event "XII Open"]
[Site "Crema ITA"]
[Date "2010.09.05"]
[Round "3"]
[White "Distratis, Gianluca"]
[Black "Acunzo, Domenico"]
[Result "1-0"]
[WhiteElo "1954"]
[BlackElo "1802"]
[PlyCount "95"]
[EventDate "2010.09.03"]

1. e4 e6 2. d4 d5 3. Nd2 c5 4. exd5 exd5 5. Ngf3 Nc6 6. Bb5 Bd6 7. dxc5 Bxc5 8.
O-O Nge7 9. c3 O-O 10. Nb3 Bd6 11. Re1 a6 12. Bd3 h6 13. Bc2 Bf5 14. Nbd4 Nxd4
15. Nxd4 Bxc2 16. Qxc2 Re8 17. Be3 Qc7 18. h3 Ng6 19. Rad1 Re5 20. Qb3 Nh4 21.
Ne2 Rae8 22. Rxd5 Rxd5 23. Qxd5 Re5 24. Qd2 Rh5 25. Rd1 Qc6 26. f3 Nxf3+ 27.
gxf3 Qxf3 28. Nf4 Bxf4 29. Bxf4 Rxh3 30. Bh2 Rh5 31. Qd8+ Kh7 32. Qd3+ Qxd3 33.
Rxd3 Rb5 34. b4 Rg5+ 35. Kf2 b5 36. Rd6 Rg6 37. Rd4 Re6 38. c4 bxc4 39. Rxc4 g5
40. a4 f5 41. b5 axb5 42. axb5 Kg7 43. Rc7+ Kf8 44. Kf3 Rb6 45. Rc5 f4 46. Bg1
Re6 47. b6 Ke8 48. b7 1-0

[Event "XII Open"]
[Site "Crema ITA"]
[Date "2010.09.05"]
[Round "3"]
[White "Epitome, Nando"]
[Black "Christen, Peter Walter"]
[Result "1/2-1/2"]
[WhiteElo "1607"]
[BlackElo "1544"]
[PlyCount "62"]
[EventDate "2010.09.03"]

1. d4 e6 2. c4 d5 3. Nc3 Nf6 4. Nf3 c6 5. Qb3 dxc4 6. Qxc4 b5 7. Qd3 Ba6 8. Qc2
Bd6 9. e4 Bb4 10. Bd2 O-O 11. a4 Bxc3 12. bxc3 Bb7 13. Bg5 h6 14. Bxf6 Qxf6 15.
axb5 cxb5 16. Bxb5 Rc8 17. O-O a6 18. Bd3 Nc6 19. Ra4 a5 20. Qe2 Qd8 21. Rb1
Qc7 22. Rc4 Ba6 23. Ra4 Bxd3 24. Qxd3 Rcb8 25. Rxb8+ Rxb8 26. g3 Rb3 27. Qc4
Qb6 28. Kg2 Rb2 29. Ne1 Ne5 30. Qc8+ Kh7 31. Qa8 Re2 1/2-1/2

[Event "XII Open"]
[Site "Crema ITA"]
[Date "2010.09.05"]
[Round "3"]
[White "Giretti Kanev, Jasen"]
[Black "Bonazzi, Edoardo"]
[Result "1/2-1/2"]
[WhiteElo "2191"]
[BlackElo "2188"]
[PlyCount "117"]
[EventDate "2010.09.03"]

1. Nf3 Nf6 2. c4 e6 3. Nc3 d5 4. d4 Be7 5. Bg5 h6 6. Bh4 O-O 7. e3 Ne4 8. Bxe7
Qxe7 9. Qc2 Nxc3 10. Qxc3 dxc4 11. Bxc4 b6 12. Rc1 Bb7 13. Bd3 Rc8 14. O-O Nd7
15. Bb1 c5 16. Qd3 Nf6 17. Qa3 Bxf3 18. gxf3 Qb7 19. e4 cxd4 20. e5 Nd5 21. Qd3
g6 22. Qxd4 Qe7 23. h4 Rc7 24. Rxc7 Nxc7 25. Rd1 Nd5 26. Kh2 h5 27. Kg3 Rc8 28.
Be4 Rd8 29. a3 Qc5 30. Qxc5 bxc5 31. Rc1 Rc8 32. f4 Kf8 33. Kf3 Ke7 34. b4 c4
35. Bxd5 exd5 36. Ke3 Ke6 37. Kd4 Kf5 38. Kxd5 Kxf4 39. b5 c3 40. a4 c2 41. a5
Kf3 42. b6 axb6 43. axb6 Ke2 44. b7 Rd8+ 45. Kc6 Kd2 46. Kc7 Rf8 47. Ra1 c1=Q+
48. Rxc1 Kxc1 49. b8=Q Rxb8 50. Kxb8 Kd2 51. Kc7 Kd3 52. Kd6 Ke4 53. e6 fxe6
54. Kxe6 Kf4 55. Kf6 Kg4 56. Kxg6 Kxh4 57. Kf5 Kh3 58. Kg5 h4 59. Kh5 1/2-1/2

[Event "XII Open"]
[Site "Crema ITA"]
[Date "2010.09.05"]
[Round "3"]
[White "Guasconi, Lelio"]
[Black "Milanesi, Erminio"]
[Result "1-0"]
[WhiteElo "1482"]
[BlackElo "1855"]
[PlyCount "83"]
[EventDate "2010.09.03"]

1. d4 g6 2. e4 Nh6 3. Nf3 f6 4. Bc4 e6 5. Nc3 Nf7 6. Bf4 Bg7 7. Qd2 O-O 8.
O-O-O c6 9. h4 a5 10. a4 d5 11. exd5 cxd5 12. Bb3 Bd7 13. Qe2 Re8 14. Bg3 Na6
15. Nh2 Nc7 16. h5 g5 17. f4 h6 18. Qd3 f5 19. fxg5 Qxg5+ 20. Kb1 f4 21. Bf2
Nd6 22. Nf3 Qe7 23. Bh4 Qf7 24. Ne5 Bxe5 25. dxe5 Nf5 26. Bf6 Na6 27. Qf3 Nc5
28. Qxf4 Nxb3 29. cxb3 Qh7 30. g4 Ng3+ 31. Ka2 Nxh1 32. Rxh1 Rf8 33. Rg1 Rf7
34. g5 hxg5 35. Rxg5+ Kf8 36. h6 Rc8 37. Rg7 Rxg7 38. Bxg7+ Kg8 39. Qg5 Qf5 40.
Qe7 Rxc3 41. Bf6 Qh7 42. Qd8+ 1-0

[Event "XII Open"]
[Site "Crema ITA"]
[Date "2010.09.05"]
[Round "3"]
[White "Guglielmetti, Oscar"]
[Black "Guidi, Giacomo G."]
[Result "1-0"]
[WhiteElo "1779"]
[BlackElo "1942"]
[PlyCount "113"]
[EventDate "2010.09.03"]

1. Nf3 e6 2. g3 f5 3. d3 Nf6 4. Bg2 Bc5 5. Nc3 d5 6. a3 a5 7. Bf4 O-O 8. O-O
Bd6 9. Qd2 Qe8 10. Bxd6 cxd6 11. a4 Bd7 12. Nd4 Nc6 13. Ndb5 Qe7 14. e3 Ne5 15.
Rae1 Bc6 16. Qe2 Rad8 17. h3 Qe8 18. Nc7 Qf7 19. N7b5 Qg6 20. Nd4 Bd7 21. Ncb5
Nf7 22. Nc7 Ne8 23. Nxe8 Rfxe8 24. Qd2 e5 25. Ne2 Qh6 26. Qxa5 f4 27. Qxd5 Bc6
28. Qc4 f3 29. e4 fxg2 30. Kxg2 Kh8 31. Ng1 Bd7 32. Qc7 Bxa4 33. Qxb7 Bxc2 34.
Qd5 Rb8 35. Re2 Bb3 36. Qc6 Rec8 37. Qd7 Qf6 38. f4 Qe6 39. Qa7 Ra8 40. Qb7 Nh6
41. f5 Qf7 42. Qb4 Bc2 43. Rd2 Qd7 44. f6 Nf5 45. fxg7+ Kxg7 46. Rdf2 Nh6 47.
Qb6 Ng8 48. Rf7+ Qxf7 49. Rxf7+ Kxf7 50. Nf3 Bb3 51. Ng5+ Kg6 52. Qe3 Kg7 53.
Kf3 h6 54. Nf7 Kxf7 55. d4 Rf8 56. Qxb3+ Kg6+ 57. Ke3 1-0

[Event "XII Open"]
[Site "Crema ITA"]
[Date "2010.09.05"]
[Round "3"]
[White "Lanni, Vincenzo"]
[Black "Raimondi, Giorgio"]
[Result "1-0"]
[WhiteElo "1817"]
[BlackElo "1503"]
[PlyCount "49"]
[EventDate "2010.09.03"]

1. d4 Nf6 2. g3 d5 3. Bg2 c6 4. Nf3 Bf5 5. O-O e6 6. Nbd2 Be7 7. Nh4 Be4 8.
Bxe4 dxe4 9. c3 c5 10. e3 Nc6 11. Qc2 Qd5 12. Ng2 Qh5 13. Nxe4 Ng4 14. h4 f5
15. Nxc5 g5 16. f3 gxh4 17. Nf4 Qh6 18. fxg4 Bxc5 19. dxc5 fxg4 20. Qe4 Ke7 21.
Nd5+ Kd8 22. Rf6 Qh5 23. Qxe6 hxg3 24. Qd6+ Ke8 25. Nc7# 1-0

[Event "XII Open"]
[Site "Crema ITA"]
[Date "2010.09.05"]
[Round "3"]
[White "Maddaloni, Giovanni"]
[Black "Martino, Antonio M."]
[Result "0-1"]
[WhiteElo "1801"]
[BlackElo "1991"]
[PlyCount "96"]
[EventDate "2010.09.03"]

1. e4 c5 2. Nf3 d6 3. d4 cxd4 4. Nxd4 Nf6 5. Nc3 Nc6 6. Bg5 e6 7. f4 Be7 8. Nb3
h6 9. Bxf6 Bxf6 10. Qd2 a6 11. O-O-O Be7 12. Qe3 b5 13. Kb1 Qc7 14. g4 Bd7 15.
Bg2 O-O-O 16. Nd5 exd5 17. exd5 Bxg4 18. Rd3 Na5 19. Nxa5 Bf6 20. Nc6 Rde8 21.
Qg3 Bf5 22. Bh3 Qd7 23. Bxf5 Qxf5 24. Qf2 Qd7 25. a4 bxa4 26. Ra3 Qb7 27. b3
Re4 28. Rf1 Rhe8 29. Kc1 Bc3 30. Rd1 Re1 31. Rxa4 Rxd1+ 32. Kxd1 Re1+ 33. Qxe1
Bxe1 34. Kxe1 Qb6 35. Rc4 Qg1+ 36. Kd2 Qg2+ 37. Kc3 Kd7 38. Nb8+ Ke7 39. Rd4
Qxh2 40. Nxa6 h5 41. b4 Qg1 42. b5 h4 43. Rb4 Qb6 44. Re4+ Kf6 45. Kb4 h3 46.
Re2 Kf5 47. c4 Qg1 48. c5 dxc5+ 0-1

[Event "XII Open"]
[Site "Crema ITA"]
[Date "2010.09.05"]
[Round "3"]
[White "Molteni, Diego"]
[Black "Secondi, Alberto"]
[Result "1-0"]
[WhiteElo "1527"]
[BlackElo "1455"]
[PlyCount "111"]
[EventDate "2010.09.03"]

1. d4 g6 2. c4 Bg7 3. Nf3 e6 4. Bg5 Nf6 5. e4 h6 6. Bh4 g5 7. Nxg5 hxg5 8. Bxg5
d6 9. Qf3 Nbd7 10. Nc3 c6 11. c5 Qc7 12. cxd6 Qxd6 13. e5 Nxe5 14. dxe5 Qxe5+
15. Qe3 Qxe3+ 16. Bxe3 Ng4 17. Bf4 e5 18. Bg3 f5 19. f4 e4 20. Be2 Ne3 21. Kf2
Bd4 22. Rac1 Nd1+ 23. Ke1 Nxb2 24. Kd2 Be6 25. Rc2 Nc4+ 26. Bxc4 Bxc4 27. Nxe4
Be6 28. Ng5 Ke7 29. Re1 Rh6 30. Kc1 Re8 31. Rce2 Kd7 32. Nf3 c5 33. Nxd4 cxd4
34. Rd2 Rc8+ 35. Kb2 Rc4 36. Red1 Kc6 37. Rxd4 Rxd4 38. Rxd4 Bd5 39. Rd2 Kc5
40. Kc3 Ra6 41. Bf2+ Kd6 42. g3 b6 43. Bd4 Rxa2 44. Be5+ Kc5 45. Rxa2 Bxa2 46.
h3 Bd5 47. g4 fxg4 48. hxg4 Bf3 49. g5 Be4 50. Bd4+ Kb5 51. Be3 a5 52. Kd4 Bg6
53. Ke5 a4 54. f5 Bxf5 55. Kxf5 a3 56. Bd4 1-0

[Event "XII Open"]
[Site "Crema ITA"]
[Date "2010.09.05"]
[Round "3"]
[White "Pace, Roberto"]
[Black "Carrai, Giacomo"]
[Result "1-0"]
[WhiteElo "1984"]
[BlackElo "1860"]
[PlyCount "28"]
[EventDate "2010.09.03"]

1. e4 Nf6 2. Qe2 e5 3. Nf3 Nc6 4. g3 Bc5 5. Bg2 O-O 6. O-O Re8 7. c3 d6 8. d3
Bg4 9. h3 Bh5 10. Nbd2 Bb6 11. Nc4 Qd7 12. Bg5 Qe7 13. a4 Na5 14. Nxa5 Bxa5 1-0

[Event "XII Open"]
[Site "Crema ITA"]
[Date "2010.09.05"]
[Round "3"]
[White "Peschechera, Francesco"]
[Black "Giallombardo, Federico"]
[Result "1-0"]
[WhiteElo "1704"]
[BlackElo "1919"]
[PlyCount "87"]
[EventDate "2010.09.03"]

1. e4 c6 2. d4 d5 3. exd5 cxd5 4. Nf3 Qc7 5. Be3 Nf6 6. Bd3 Bg4 7. Nbd2 Nc6 8.
O-O e6 9. Rc1 Be7 10. c4 O-O 11. a3 a5 12. Qc2 Qb8 13. Rfe1 Rc8 14. Qa4 Bh5 15.
Rc2 Bg6 16. Bxg6 hxg6 17. cxd5 Nxd5 18. Bg5 Bxg5 19. Nxg5 b5 20. Qb3 Nxd4 21.
Rxc8+ Qxc8 22. Qh3 Nf6 23. Nde4 Nh5 24. g4 e5 25. Nxf7 Ne2+ 26. Rxe2 Qc1+ 27.
Qf1 Qxf1+ 28. Kxf1 Nf4 29. Rc2 Kxf7 30. Nd6+ Ke6 31. Nxb5 Rd8 32. Ke1 Rh8 33.
Rc6+ Kd5 34. Ra6 Nd3+ 35. Ke2 Nxb2 36. Rxg6 Rh7 37. Nc3+ Kd4 38. Nb5+ Kc4 39.
Nd6+ Kb3 40. Re6 Rh6 41. Rxh6 gxh6 42. Nf7 Kxa3 43. Nxh6 Kb3 44. g5 1-0

[Event "XII Open"]
[Site "Crema ITA"]
[Date "2010.09.05"]
[Round "3"]
[White "Pinna, Ferdinando"]
[Black "Rambaldi, Francesco"]
[Result "0-1"]
[WhiteElo "1858"]
[BlackElo "2015"]
[PlyCount "42"]
[EventDate "2010.09.03"]

1. e4 c5 2. Nf3 d6 3. d4 cxd4 4. Nxd4 Nf6 5. Nc3 a6 6. Bc4 e6 7. Bb3 Nbd7 8. f4
Nc5 9. O-O Ncxe4 10. Nxe4 Nxe4 11. Re1 Nf6 12. Qf3 Be7 13. Qg3 O-O 14. Be3 e5
15. fxe5 dxe5 16. Nf3 e4 17. Rad1 Qa5 18. Ng5 Bg4 19. Rd2 Bh5 20. c3 Bg6 21.
Bd4 Nh5 0-1

[Event "XII Open"]
[Site "Crema ITA"]
[Date "2010.09.05"]
[Round "3"]
[White "Pisani, Valerio"]
[Black "Attuati, Stefano"]
[Result "0-1"]
[WhiteElo "1749"]
[BlackElo "1930"]
[PlyCount "48"]
[EventDate "2010.09.03"]

1. e4 e6 2. Nf3 d5 3. exd5 exd5 4. d4 Bg4 5. Bd3 Nc6 6. c3 Qd7 7. O-O O-O-O 8.
b4 Bd6 9. Na3 Nf6 10. Bg5 h6 11. Bh4 g5 12. Bg3 Nh5 13. Nb5 Nf4 14. Nxd6+ Qxd6
15. a4 Qd7 16. Bb5 Rde8 17. Bxf4 gxf4 18. h3 Bxh3 19. Ne5 Rxe5 20. dxe5 Rg8 21.
Qh5 Bxg2 22. Kh2 Rg5 23. Qh4 Qf5 24. Be2 f3 0-1

[Event "XII Open"]
[Site "Crema ITA"]
[Date "2010.09.05"]
[Round "3"]
[White "Quagliarella, Sabino Remo"]
[Black "Baccarin, Stefano"]
[Result "0-1"]
[WhiteElo "1937"]
[BlackElo "1794"]
[PlyCount "120"]
[EventDate "2010.09.03"]

1. d4 Nf6 2. Nf3 g6 3. Bf4 Bg7 4. e3 d6 5. h3 O-O 6. Be2 c5 7. O-O Nc6 8. c4
Qb6 9. Qb3 Qxb3 10. axb3 Nh5 11. Bh2 cxd4 12. exd4 Nxd4 13. Nxd4 Bxd4 14. Bxh5
gxh5 15. Nc3 Be6 16. Ra5 f5 17. Nb5 Bb6 18. Ra2 a6 19. Nc3 Bf7 20. Bf4 Rac8 21.
Bg5 Rfe8 22. Ne2 d5 23. cxd5 Bxd5 24. Nf4 Bxb3 25. Ra3 Bf7 26. Bh6 Kh8 27. Rg3
Rg8 28. Rxg8+ Kxg8 29. Rd1 Rd8 30. Re1 Re8 31. Nd3 Bd4 32. g4 hxg4 33. hxg4 Kh8
34. g5 e5 35. b4 e4 36. Nc5 e3 37. fxe3 Bxe3+ 38. Rxe3 Rxe3 39. g6 Rg3+ 40. Kf2
Rxg6 41. Bf4 Bd5 42. Be5+ Kg8 43. Ke3 Rg4 44. Nd7 Re4+ 45. Kd3 Rxe5 46. Nxe5 h5
47. Ng6 Kg7 48. Nf4 Be4+ 49. Ke3 Kh6 50. Nh3 b6 51. Nf4 a5 52. bxa5 bxa5 53.
Ne2 Kg5 54. Kf2 Kg4 55. Kg1 h4 56. Kh2 f4 57. Nc3 Bd3 58. Nd1 Be2 59. Nc3 f3
60. Na4 f2 0-1

[Event "XII Open"]
[Site "Crema ITA"]
[Date "2010.09.05"]
[Round "3"]
[White "Regorda, Vittorio"]
[Black "Cocconcelli, Lorenzo"]
[Result "1-0"]
[WhiteElo "1872"]
[BlackElo "1809"]
[PlyCount "103"]
[EventDate "2010.09.03"]

1. d4 d5 2. Nf3 Nf6 3. c4 e6 4. g3 Bd6 5. c5 Be7 6. Bg2 c6 7. O-O O-O 8. Nc3
Nbd7 9. b4 Re8 10. e3 Bf8 11. Bb2 g6 12. Ne2 Bg7 13. Nf4 Ne4 14. Nd3 b6 15. Qc2
Bb7 16. Nd2 Nxd2 17. Qxd2 e5 18. Nxe5 Nxe5 19. dxe5 Bxe5 20. Bxe5 Rxe5 21. Qd4
Re7 22. Rfd1 Qc7 23. Qf6 Qe5 24. Qxe5 Rxe5 25. cxb6 axb6 26. a4 Kf8 27. b5 c5
28. Ra3 Ke7 29. f4 Re6 30. Kf2 Rd6 31. g4 Ke6 32. g5 Ra5 33. h4 Ke7 34. h5 Rd8
35. hxg6 hxg6 36. e4 dxe4 37. Rxd8 Kxd8 38. Ke3 Ke7 39. Bxe4 Bxe4 40. Kxe4 Ke6
41. Ra2 c4 42. Kd4 c3 43. Kxc3 Kf5 44. Kb4 Kxf4 45. Rf2+ Kxg5 46. Rxf7 Kh4 47.
Rf6 g5 48. Rxb6 Ra8 49. Rh6+ Kg4 50. b6 Re8 51. b7 Re1 52. Rb6 1-0

[Event "XII Open"]
[Site "Crema ITA"]
[Date "2010.09.05"]
[Round "3"]
[White "Riboldi, Raffaele"]
[Black "Casale, Anania"]
[Result "1-0"]
[WhiteElo "1923"]
[BlackElo "1732"]
[PlyCount "97"]
[EventDate "2010.09.03"]

1. d4 Nf6 2. c4 e6 3. Nc3 Bb4 4. a3 Bxc3+ 5. bxc3 b6 6. e3 Bb7 7. f3 d5 8. cxd5
exd5 9. Bd3 O-O 10. Ne2 Nbd7 11. Ng3 Re8 12. O-O c5 13. Ra2 cxd4 14. cxd4 Rc8
15. Nf5 Nf8 16. Qe1 Ng6 17. Re2 Rc7 18. Qb4 a5 19. Qxb6 Rxc1 20. Qxb7 Rc3 21.
Bb5 Rb3 22. a4 Ne7 23. Ng3 Ng6 24. Rc1 Qe7 25. Qxe7 Rxe7 26. Rc8+ Nf8 27. Nf5
Re6 28. Kf2 g6 29. Ng3 h5 30. Ra8 h4 31. Nf1 Kg7 32. Rxa5 N8h7 33. Rc2 Ng5 34.
Bc6 Rd6 35. Nd2 Ra3 36. e4 dxe4 37. Nc4 e3+ 38. Ke2 Ne6 39. Nxa3 Nxd4+ 40. Kxe3
Nxc2+ 41. Nxc2 Rxc6 42. Nd4 Rb6 43. Rb5 Ra6 44. a5 Ne8 45. Kd3 Nc7 46. Rb7 Ne6
47. Nxe6+ Rxe6 48. Rb4 Kf6 49. Rxh4 1-0

[Event "XII Open"]
[Site "Crema ITA"]
[Date "2010.09.05"]
[Round "3"]
[White "Rizzi, Pietro"]
[Black "Cervini, Ernesto"]
[Result "0-1"]
[WhiteElo "1579"]
[BlackElo "1833"]
[PlyCount "50"]
[EventDate "2010.09.03"]

1. e4 c5 2. c3 Nc6 3. d4 cxd4 4. cxd4 e6 5. Nc3 d6 6. Nf3 Nf6 7. Be2 Be7 8. O-O
O-O 9. Bg5 Nd7 10. Bxe7 Qxe7 11. a3 a6 12. b4 b5 13. Qb3 Bb7 14. Rac1 Qf6 15.
Rfd1 Rac8 16. Qb2 Ne7 17. Qd2 h6 18. d5 e5 19. g4 g5 20. Kg2 Ng6 21. Bf1 Nf4+
22. Kg3 Qg6 23. Qe3 Nf6 24. Qb6 h5 25. gxh5 N6xh5+ 0-1

[Event "XII Open"]
[Site "Crema ITA"]
[Date "2010.09.05"]
[Round "3"]
[White "Salami, Marco"]
[Black "Mussap, Angelo"]
[Result "1-0"]
[WhiteElo "2195"]
[BlackElo "2051"]
[PlyCount "55"]
[EventDate "2010.09.03"]

1. d4 e6 2. c4 Nf6 3. Nc3 d5 4. cxd5 exd5 5. Bg5 Be7 6. Qc2 Nc6 7. e3 O-O 8. a3
Bg4 9. Bd3 h6 10. Bh4 Ne8 11. Bxe7 Nxe7 12. Nge2 c6 13. f3 Bd7 14. e4 Nd6 15.
O-O Rc8 16. Nf4 dxe4 17. fxe4 Ne8 18. Qf2 Nf6 19. h3 Qa5 20. b4 Qc7 21. Rac1
Qd8 22. Bb1 Ng6 23. Nxg6 fxg6 24. Qa2+ Kh7 25. e5 Nh5 26. Rxf8 Qxf8 27. Rf1 Nf4
28. Qd2 1-0

[Event "XII Open"]
[Site "Crema ITA"]
[Date "2010.09.05"]
[Round "3"]
[White "Scotti, Luigi"]
[Black "Cretti, Marco"]
[Result "1-0"]
[WhiteElo "1592"]
[BlackElo "1410"]
[PlyCount "61"]
[EventDate "2010.09.03"]

1. e4 e5 2. Nf3 Nf6 3. Nxe5 d6 4. Nf3 Nxe4 5. Nc3 Nxc3 6. bxc3 g6 7. Be2 Bg7 8.
O-O O-O 9. Rb1 Nc6 10. d4 Rb8 11. Bg5 Ne7 12. Qd2 Be6 13. Rfe1 Qd7 14. Bd3 f6
15. Bh6 Bxa2 16. Ra1 Bf7 17. Bxg7 Kxg7 18. Rxa7 Nc8 19. Raa1 Nb6 20. Qe2 Rfe8
21. Qf1 Rxe1 22. Nxe1 Qc6 23. Ra3 Bc4 24. Bxc4 Nxc4 25. Ra1 d5 26. Nd3 Nd2 27.
Qe2 Qxc3 28. Qe7+ Kh6 29. Qe3+ g5 30. Qh3+ Kg6 31. Ne5+ 1-0

[Event "XII Open"]
[Site "Crema ITA"]
[Date "2010.09.05"]
[Round "3"]
[White "Stella, Andrea"]
[Black "Ventura, Franco"]
[Result "1-0"]
[WhiteElo "2334"]
[BlackElo "2099"]
[PlyCount "45"]
[EventDate "2010.09.03"]

1. e4 d6 2. d4 Nf6 3. Bd3 e5 4. c3 c6 5. f4 Nbd7 6. Nf3 Qc7 7. O-O Be7 8. fxe5
dxe5 9. Bg5 O-O 10. Nbd2 b5 11. a4 Rb8 12. axb5 cxb5 13. Kh1 a6 14. dxe5 Ng4
15. Bxe7 Ndxe5 16. Bxf8 Nxd3 17. Qe2 Nf4 18. Qe1 Kxf8 19. Qg3 Rb6 20. Ng5 Rh6
21. Rxf4 Rxh2+ 22. Qxh2 Nxh2 23. Rxf7+ 1-0